Datum a čas kvízu
29.5
Celkem bodů
Celkový počet nahraných bodů na tomto kvízu bez doplňovacích otázek.
6.
Pořadí na kvízu
Konečné umístění týmu na tomto kvízu.
Zaznamenané odpovědi
| # | Otázka | Odpověď | Body | Výsledky |
|---|---|---|---|---|
| 1. | Který hudebník narozený v roce... | Vladimír Mišík | 1 | |
| 2. | Poměrně neobvyklé záběry se do... | ve Španělsku | 0 | |
| 3. | Doplňte slovo do názvu časosbě... | Havel | 0 | |
| 4. | Která dvě křestní jména (jedno... | Eliška, Jakub | 1 | |
| 5. | Který hokejista, bývalý reprez... | Tomáš Plekanec | 1 | |
| 6. | Naše téma nezačneme v kurníku,... | Fabergého vejce | 1 | |
| 7. | Barvíte velikonoční vajíčka? T... | 1B 2C 3D 4A | 0 | |
| 8. | Která z vajec na obrázku snesl... | B | 0 | |
| 9. | Napište název americké romanti... | 50x a stále poprvé | 0 | |
| 10. | Vyberte nepravdivé tvrzení. | C | 1 |